<?xml version="1.0" encoding="UTF-8"?>
<collection xmlns="http://www.loc.gov/MARC21/slim">
 <record>
  <leader>00883pamaa2200229   4500</leader>
  <controlfield tag="001">0000041875</controlfield>
  <controlfield tag="005">20070425090000.0</controlfield>
  <controlfield tag="008">070425                             eng  </controlfield>
  <datafield tag="020" ind1="0" ind2="0">
   <subfield code="a">1416024166 (pbk.) </subfield>
  </datafield>
  <datafield tag="090" ind1="0" ind2="0">
   <subfield code="a">RC582 </subfield>
   <subfield code="b">GOR 2006</subfield>
  </datafield>
  <datafield tag="100" ind1="1" ind2="0">
   <subfield code="a">GORCZYNSKI </subfield>
  </datafield>
  <datafield tag="245" ind1="1" ind2="0">
   <subfield code="a">Problem-based immunology  </subfield>
   <subfield code="c">Reginald Gorczynski and Jacqueline Stanley.</subfield>
  </datafield>
  <datafield tag="260" ind1="0" ind2="0">
   <subfield code="a">Philadelphia: </subfield>
   <subfield code="b">Saunders Elsevier, </subfield>
   <subfield code="c">2006.</subfield>
  </datafield>
  <datafield tag="300" ind1=" " ind2=" ">
   <subfield code="a">xii, 255.: </subfield>
   <subfield code="b">ill. (chiefly col.); </subfield>
   <subfield code="c">28cm.</subfield>
  </datafield>
  <datafield tag="504" ind1="0" ind2="0">
   <subfield code="a">Includes bibliographical references and index</subfield>
  </datafield>
  <datafield tag="650" ind1="0" ind2="0">
   <subfield code="a">Clinical immunology -- </subfield>
   <subfield code="x">Case studies </subfield>
  </datafield>
  <datafield tag="650" ind1="0" ind2="0">
   <subfield code="a">Immune System Diseases -- </subfield>
   <subfield code="x">Case Reports </subfield>
  </datafield>
  <datafield tag="650" ind1="0" ind2="0">
   <subfield code="a">Immunization -- </subfield>
   <subfield code="x">Case Reports </subfield>
  </datafield>
  <datafield tag="650" ind1="0" ind2="0">
   <subfield code="a">Neoplasms -- </subfield>
   <subfield code="x">immunology -- </subfield>
   <subfield code="x">Case Reports </subfield>
  </datafield>
  <datafield tag="650" ind1="0" ind2="0">
   <subfield code="a">Psychoneuroimmunology -- </subfield>
   <subfield code="x">methods -- </subfield>
   <subfield code="x">Case             Reports </subfield>
  </datafield>
  <datafield tag="700" ind1="1" ind2="1">
   <subfield code="a">Stanley, </subfield>
   <subfield code="h">Jacqueline </subfield>
  </datafield>
  <datafield tag="901" ind1=" " ind2=" ">
   <subfield code="u">http://www.elsevierhealth.com</subfield>
  </datafield>
 </record>
</collection>
